00367nam a2200133 a 4500003000200000005001700002008004100019050002600060245004100086260003200127300000700159440005500166650001200221020170223144401.0070806s19uu xx 00 eng d aTR(GS 372.4bLET 1981 aThe letter People: I:bSkillbook 17. aU.S.A :bWorld book,c1981. a13 aA world book- Childcraft reading readiness program aReading